Caribbean Premier League Cricket Teams - Statistics

General Stats
  • This quiz has been taken 44 times
    36 since last reset
  • The average score is 5 of 6
Answer Stats
Answer % Correct
Trinbago Knight Riders
94%
Jamaica Tallawahs
88%
Barbados Tridents
85%
St Lucia Zouks
76%
St Kitts and Nevis Patriots
68%
Guyana Amazon Warriors
65%
No matching quizzes found
Score Distribution
Percent of People with Each Score
Percentile by Number Answered
Your Score History
You have not taken this quiz since the last reset